[Event "Bad Woerishofen op 29th"]
[Site "Bad Woerishofen"]
[Date "2013.03.07"]
[Round "7"]
[White "Koenig, Falk"]
[Black "Klett, Thomas"]
[Result "1-0"]
[WhiteElo "2135"]
[BlackElo "1874"]
[PlyCount "67"]
[EventDate "2013.03.01"]
[EventType "swiss"]
[EventRounds "9"]
[EventCountry "GER"]
[SourceTitle "CBM 153 Extra"]
[Source "ChessBase"]
[SourceDate "2013.04.22"]
[SourceVersion "1"]
[SourceVersionDate "2013.04.22"]
[SourceQuality "1"]

1. e4 d6 2. d4 Nf6 3. Nc3 g6 4. h3 Bg7 5. Be3 c6 6. Nf3 b5 7. a3 a5 8. Bd3 Na6 9. 0-0 Bb7 10. d5 b4 11. axb4 Nxb4 12. dxc6 Bxc6 13. Nd4 Nxd3 14. Nxc6 Qc7 15. Qxd3 Qxc6 16. Bd4 0-0 17. Ra4 e5 18. Be3 Rfd8 19. Rfa1 d5 20. exd5 Nxd5 21. Rxa5 Nb4 22. Qe2 Rxa5 23. Rxa5 e4 24. Rc5 Qe6 25. Rc4 Bxc3 26. Rxc3 Ra8 27. Kh2 Ra2 28. Rb3 Qe5+ 29. g3 Rxb2 30. Qc4 Rxb3 31. cxb3 Nd3 32. Qc8+ Kg7 33. Qd7 Nxf2 34. Bd4 1-0

[Event "Bad Woerishofen op 24th"]
[Site "Bad Woerishofen"]
[Date "2008.03.01"]
[Round "3"]
[White "Klett, Thomas"]
[Black "Bauder, Herbert"]
[Result "1/2-1/2"]
[WhiteElo "1952"]
[BlackElo "2097"]
[PlyCount "37"]
[EventDate "2008.02.28"]
[EventType "swiss"]
[EventRounds "9"]
[EventCountry "GER"]
[SourceTitle "CBM 123 Extra"]
[Source "ChessBase"]
[SourceDate "2008.05.06"]
[SourceVersion "1"]
[SourceVersionDate "2008.05.06"]
[SourceQuality "1"]

1. c4 c5 2. Nf3 Nc6 3. Nc3 g6 4. g3 Bg7 5. Bg2 e5 6. d3 Nge7 7. 0-0 0-0 8. a3 d6 9. Rb1 Rb8 10. Ne1 Be6 11. b4 b6 12. Bg5 f6 13. Bd2 Qd7 14. b5 Nd8 15. Nc2 Bh3 16. Ne3 Bxg2 17. Kxg2 Ne6 18. Ned5 Nxd5 19. Nxd5 1/2-1/2

[Event "Bad Woerishofen op 19th"]
[Site "Bad Woerishofen"]
[Date "2003.03.21"]
[Round "9"]
[White "Klett, Thomas"]
[Black "Schoebel, Klaus"]
[Result "1-0"]
[WhiteElo "1766"]
[BlackElo "1598"]
[PlyCount "55"]
[EventDate "2003.03.13"]
[EventType "swiss"]
[EventRounds "9"]
[EventCountry "GER"]
[SourceTitle "CBM 093 Extra"]
[Source "ChessBase"]
[SourceDate "2003.05.09"]
[SourceVersion "1"]
[SourceVersionDate "2003.05.09"]
[SourceQuality "1"]

1. c4 e6 2. Nc3 d5 3. d4 Nf6 4. Nf3 Be7 5. e3 0-0 6. Bd3 dxc4 7. Bxc4 c6 8. 0-0 Bd6 9. e4 Ne8 10. e5 Be7 11. Re1 b5 12. Bd3 f5 13. a3 Nd7 14. h4 Bxh4 15. Nxh4 Qxh4 16. Bc2 f4 17. Be4 Nc7 18. Bxc6 Rb8 19. Qf3 Rb6 20. Be4 g6 21. Bd2 Rf7 22. Kf1 Ba6 23. b4 Bc8 24. Ke2 Nb8 25. Rh1 Qe7 26. Rac1 Nd5 27. Nxd5 exd5 28. Rxc8+ 1-0

[Event "Bad Woerishofen op 19th"]
[Site "Bad Woerishofen"]
[Date "2003.03.18"]
[Round "6"]
[White "Edel, Thomas"]
[Black "Klett, Thomas"]
[Result "1-0"]
[WhiteElo "2052"]
[BlackElo "1766"]
[PlyCount "63"]
[EventDate "2003.03.13"]
[EventType "swiss"]
[EventRounds "9"]
[EventCountry "GER"]
[SourceTitle "CBM 093 Extra"]
[Source "ChessBase"]
[SourceDate "2003.05.09"]
[SourceVersion "1"]
[SourceVersionDate "2003.05.09"]
[SourceQuality "1"]

1. d4 Nf6 2. Nf3 e6 3. c4 Bb4+ 4. Nbd2 c5 5. a3 Bxd2+ 6. Bxd2 cxd4 7. Nxd4 0-0 8. Bb4 Re8 9. Nb5 d5 10. Nd6 a5 11. Nxe8 Nxe8 12. Bc3 Nc6 13. e3 Nf6 14. Bd3 e5 15. cxd5 Qxd5 16. f3 Qc5 17. Qe2 Nd5 18. Bd2 Be6 19. Be4 f5 20. Bxd5 Bxd5 21. 0-0 Rd8 22. Rfc1 Qb6 23. Be1 e4 24. f4 Bb3 25. Rc3 a4 26. Rac1 Rd5 27. g4 fxg4 28. Qxg4 h5 29. Qe6+ Kh7 30. Qxe4+ Kh6 31. Bh4 g6 32. Qe8 1-0